|
|
|
|
| LEADER |
02063nam a2200409 i 4500 |
| 001 |
EBC5255368 |
| 003 |
MiAaPQ |
| 005 |
20200520144314.0 |
| 006 |
m o d | |
| 007 |
cr cnu|||||||| |
| 008 |
180301t20172017gw a ob 000 0 ger d |
| 020 |
|
|
|z 9783737604147
|
| 020 |
|
|
|a 9783737604154 (e-book)
|
| 035 |
|
|
|a (MiAaPQ)EBC5255368
|
| 035 |
|
|
|a (Au-PeEL)EBL5255368
|
| 035 |
|
|
|a (CaPaEBR)ebr11505641
|
| 035 |
|
|
|a (OCoLC)1022787759
|
| 040 |
|
|
|a MiAaPQ
|b eng
|e rda
|e pn
|c MiAaPQ
|d MiAaPQ
|
| 050 |
|
4 |
|a TA645
|b .N543 2017
|
| 082 |
0 |
|
|a 624.171
|2 23
|
| 100 |
1 |
|
|a Niederhofer, Florian,
|e author.
|
| 245 |
1 |
5 |
|a Eine Methode zur Kopplung von molekular- und kontinuumsmechanischen Modellen unter Einsatz von Translations- und Rotationsfreiheitsgraden :
|b die virtuelle Projektionsmethode /
|c Florian Niederhofer.
|
| 264 |
|
1 |
|a Kassel, Germany :
|b Kassel University Press,
|c 2017.
|
| 264 |
|
4 |
|c 2017
|
| 300 |
|
|
|a 1 online resource (199 pages) :
|b illustrations, diagrams.
|
| 336 |
|
|
|a text
|2 rdacontent
|
| 337 |
|
|
|a computer
|2 rdamedia
|
| 338 |
|
|
|a online resource
|2 rdacarrier
|
| 490 |
0 |
|
|a Schriftenreihe Institut fur Baustatik und Baudynamik ;
|v 2017-5
|
| 504 |
|
|
|a Includes bibliographical references.
|
| 588 |
|
|
|a Description based on online resource; title from PDF title page (EBC, viewed March 1, 2018).
|
| 590 |
|
|
|a Electronic reproduction. Ann Arbor, MI : ProQuest, 2018. Available via World Wide Web. Access may be limited to ProQuest affiliated libraries.
|
| 650 |
|
0 |
|a Structural analysis (Engineering)
|
| 655 |
|
4 |
|a Electronic books.
|
| 776 |
0 |
8 |
|i Print version:
|a Niederhofer, Florian.
|t Methode zur Kopplung von molekular- und kontinuumsmechanischen Modellen unter Einsatz von Translations- und Rotationsfreiheitsgraden : die virtuelle Projektionsmethode.
|d Kassel, Germany : Kassel University Press, c2017
|h vii, 176 pages
|k Schriftenreihe Institut fur Baustatik und Baudynamik ; 2017-5
|z 9783737604147
|
| 797 |
2 |
|
|a ProQuest (Firm)
|
| 856 |
4 |
0 |
|u https://ebookcentral.proquest.com/lib/matrademy/detail.action?docID=5255368
|z Click to View
|